[Event "Camp. svizzero a sq. - Reichenstein-Zur"]
[Site "Svizzera"]
[Date "2008.09.20"]
[Round "8.2"]
[White "Sokolov, Andrei"]
[Black "Bauer, Christian"]
[Result "1/2-1/2"]
[WhiteElo "2610"]
[BlackElo "2624"]
[PlyCount "95"]
[EventDate "2008.03.02"]
[Source "www.chesslib.no"]
[SourceDate "2004.05.04"]

1. e4 e6 2. d4 d5 3. Nd2 Nc6 4. Ngf3 Nf6 5. e5 Nd7 6. b3 f6 7. Bb2 fxe5 8. dxe5 Be7 9. g3 O-O 10. Bg2 a5 11. O-O a4 12. a3 axb3 13. cxb3 Nc5 14. b4 Na4 15. Qb3 Bd7 16. Rac1 Na7 17. Nd4 Nb5 18. Nxb5 Bxb5 19. Rfe1 Qd7 20. Bd4 b6 21. f4 c5 22. Bf2 Rac8 23. Bh3 Kh8 24. f5 c4 25. Qe3 d4 26. Qxd4 Qxd4 27. Bxd4 exf5 28. e6 Kg8 29. Nf3 g6 30. Bf1 Rfd8 31. Ba1 Bc6 32. Ne5 b5 33. Rcd1 Rxd1 34. Rxd1 Be8 35. Nd7 Rc6 36. Re1 Rd6 37. Nf6+ Bxf6 38. Bxf6 Bc6 39. Bg2 Bxg2 40. Kxg2 Kf8 41. Re5 Ke8 42. Rxb5 Rxe6 43. Ra5 Rxf6 44. Rxa4 c3 45. b5 Rb6 46. Rb4 c2 47. Rc4 Rxb5 48. Rxc2 1/2-1/2

[Event "World Cup VI Final"]
[Site "Cork World Cup VI Final"]
[Date "1994.??.??"]
[Round "?"]
[White "Normantas, Valentinas P"]
[Black "Voyna, Alexandr"]
[Result "1-0"]
[WhiteElo "2615"]
[BlackElo "2590"]
[PlyCount "85"]
[EventDate "1994.??.??"]
[Source "www.chesslib.no"]
[SourceDate "2004.05.04"]

1. e4 e6 2. d4 d5 3. Nd2 Nc6 4. Ngf3 Nf6 5. e5 Nd7 6. Nb3 a5 7. a4 Be7 8. h4 h6 9. c3 b6 10. Be3 Bb7 11. Nc1 Na7 12. Nd3 c5 13. Nf4 Qc7 14. Bd3 O-O-O 15. h5 cxd4 16. cxd4 Nb8 17. Rc1 Nbc6 18. O-O Kb8 19. Ne1 Qd7 20. Nc2 Nb4 21. Nxb4 Bxb4 22. Qg4 Bf8 23. b3 Rc8 24. Rxc8+ Bxc8 25. Ne2 Qe8 26. f4 Nc6 27. f5 Nb4 28. Bb5 exf5 29. Qg3 Qe7 30. e6+ Ka8 31. exf7 Qxf7 32. Rc1 Be7 33. Rc7 Qf8 34. Bf4 Ba6 35. Be5 Bxb5 36. axb5 Bf6 37. Nf4 Rg8 38. Qg6 Qe8 39. Qxf5 Bxe5 40. dxe5 Rf8 41. Qg4 Rg8 42. e6 Qb8 43. Rd7 1-0

[Event "Jugoslavija 86/269"]
[Site "?"]
[Date "2002.??.??"]
[Round "?"]
[White "Rublevsky, S."]
[Black "Drasko, M."]
[Result "1-0"]
[WhiteElo "2658"]
[BlackElo "2502"]
[PlyCount "71"]
[EventDate "2002.??.??"]
[Source "Chess Informant"]
[SourceDate "2002.10.01"]

1. e4 e6 2. d4 d5 3. Nd2 Nc6 4. Ngf3 Nf6 5. e5 Nd7 6. Be2 Be7 7. Nf1 O-O 8. Ng3 f6 9. exf6 Bxf6 10. Nh5 e5 11. dxe5 Ndxe5 12. Nxf6+ Qxf6 13. O-O Be6 14. Ng5 Rad8 15. Nxe6 Qxe6 16. b3 d4 17. f4 d3 18. cxd3 Qd5 19. Bb2 Nxd3 20. Bxd3 Qxd3 21. Qg4 Qg6 22. Qh3 Qf5 23. Qc3 Rf7 24. Rae1 h6 25. h3 Nd4 26. Kh2 c5 27. Re5 Qxe5 28. fxe5 Rxf1 29. Qxc5 Rd1 30. Qc4+ Kh8 31. Qf7 Rd2 32. e6 Nxe6 33. Be5 R2d6 34. Bxd6 Rxd6 35. Qxb7 Kh7 36. Qxa7 1-0

[Event "Dubna"]
[Site "Dubna"]
[Date "1973.??.??"]
[Round "?"]
[White "Tal, Mikhail N"]
[Black "Vaganian, Rafael A"]
[Result "1-0"]
[WhiteElo "2660"]
[BlackElo "2500"]
[PlyCount "29"]
[EventDate "1973.12.??"]
[Source "www.chesslib.no"]
[SourceDate "2004.05.04"]

1. e4 e6 2. d4 d5 3. Nd2 Nc6 4. Ngf3 Nf6 5. e5 Nd7 6. Nb3 f6 7. Bb5 fxe5 8. dxe5 Nc5 9. Ng5 Bd7 10. Bxc6 bxc6 11. Qh5+ g6 12. Qf3 Qe7 13. Nxc5 Qxc5 14. Qf7+ Kd8 15. Qf6+ 1-0

[Event "Pardubice 88/240"]
[Site "?"]
[Date "2003.??.??"]
[Round "?"]
[White "Potkin, V."]
[Black "Vysochin, S."]
[Result "1-0"]
[WhiteElo "2518"]
[BlackElo "2560"]
[PlyCount "91"]
[EventDate "2003.??.??"]
[Source "Chess Informant"]
[SourceDate "2003.06.01"]

1. e4 e6 2. d4 d5 3. Nd2 Nc6 4. Ngf3 Nf6 5. e5 Nd7 6. Bd3 Nb4 7. Be2 c5 8. c3 Nc6 9. O-O cxd4 10. cxd4 Nb6 11. Nb3 Be7 12. Bf4 Nc4 13. Qc1 N6a5 14. Nc5 b6 15. Nd3 Bd7 16. Bg5 Rc8 17. Qf4 Nxb2 18. Nxb2 Rc2 19. Bd3 Rxb2 20. Rfc1 Bc6 21. Bxe7 Kxe7 22. Rxc6 Nxc6 23. Qc1 Rb4 24. Qxc6 Qd7 25. Qc3 Ra4 26. Qb3 a6 27. Qxb6 Rc8 28. h4 Rc3 29. Bxh7 Qc7 30. Qb2 g6 31. Qd2 Rac4 32. h5 gxh5 33. Qg5+ Kd7 34. Qxh5 Kc6 35. Bg8 Rc1+ 36. Rxc1 Rxc1+ 37. Kh2 Rc2 38. Bxf7 Rxa2 39. Bxe6 Rxf2 40. Qe8+ Kb6 41. Bxd5 a5 42. Qe6+ Ka7 43. Qf7 Qxf7 44. Bxf7 a4 45. e6 Re2 46. Ne5 1-0

[Event "CRO-ch"]
[Site "?"]
[Date "1992.??.??"]
[Round "?"]
[White "Palac Mladen"]
[Black "Kovacevic Vlatko"]
[Result "1/2-1/2"]
[WhiteElo "2500"]
[BlackElo "2545"]
[PlyCount "49"]
[EventDate "1992.??.??"]
[Source "www.chesslib.no"]
[SourceDate "2004.05.04"]

1. e4 e6 2. d4 d5 3. Nd2 Nc6 4. Ngf3 Nf6 5. e5 Nd7 6. Be2 a6 7. O-O f6 8. exf6 Qxf6 9. Nb3 Bd6 10. Bg5 Qf7 11. Bh4 h6 12. Bg3 O-O 13. c4 g5 14. Rc1 Qg7 15. cxd5 exd5 16. Ne5 Ndxe5 17. dxe5 Bxe5 18. Qxd5+ Kh8 19. Rxc6 Bxg3 20. fxg3 bxc6 21. Rxf8+ Qxf8 22. Qe5+ Qg7 23. Qe8+ Qg8 24. Qe5+ Qg7 25. Qe8+ 1/2-1/2

[Event "Versailles"]
[Site "Versailles"]
[Date "1995.??.??"]
[Round "3"]
[White "Korneev, Oleg"]
[Black "Bricard, Emmanuel"]
[Result "1/2-1/2"]
[WhiteElo "2540"]
[BlackElo "2500"]
[PlyCount "93"]
[EventDate "1995.??.??"]
[Source "www.chesslib.no"]
[SourceDate "2004.05.04"]

1. e4 e6 2. d4 d5 3. Nd2 Nc6 4. Ngf3 Nf6 5. e5 Nd7 6. Be2 Be7 7. Nf1 O-O 8. Ng3 f6 9. exf6 Nxf6 10. O-O Bd6 11. c4 dxc4 12. Bxc4 h6 13. Re1 Nd5 14. a3 Qd7 15. Qd3 Qf7 16. Ba2 Bd7 17. Bd2 Rad8 18. Re2 Nce7 19. Rae1 a6 20. Bb1 Nf6 21. Ne5 Bxe5 22. dxe5 Bb5 23. Qc2 Bd3 24. exf6 Bxc2 25. fxe7 Qxe7 26. Bxc2 c5 27. Bc3 Qf7 28. Bb3 Kh8 29. f4 c4 30. Bxc4 b5 31. Bxe6 Qa7+ 32. Kh1 Rxf4 33. Nh5 Rf2 34. Bxg7+ Qxg7 35. Rxf2 Qe5 36. Ref1 Qxe6 37. h3 Qb3 38. Kh2 Qe3 39. Rf5 Rg8 40. R1f3 Qd2 41. Rf2 Qd6+ 42. g3 Qd1 43. g4 Qd6+ 44. Kg2 Qc6+ 45. Kh2 Qd6+ 46. Kg2 Qc6+ 47. Kh2 1/2-1/2

[Event "ALKALOID"]
[Site "Star Dojran ALKALOID"]
[Date "1995.??.??"]
[Round "?"]
[White "Spasov, Vasil V"]
[Black "Drasko, Milan"]
[Result "1-0"]
[WhiteElo "2525"]
[BlackElo "2510"]
[PlyCount "141"]
[EventDate "1995.??.??"]
[Source "www.chesslib.no"]
[SourceDate "2004.05.04"]

1. e4 e6 2. d4 d5 3. Nd2 Nc6 4. Ngf3 Nf6 5. e5 Nd7 6. Bd3 Nb4 7. Be2 c5 8. c3 Nc6 9. O-O cxd4 10. cxd4 f6 11. exf6 Qxf6 12. Nb3 Bd6 13. Bg5 Qf7 14. Bh4 O-O 15. Bg3 Bxg3 16. hxg3 e5 17. dxe5 Ndxe5 18. Ng5 Qd7 19. f4 Nf7 20. Nxf7 Qxf7 21. Bf3 Rd8 22. Rc1 d4 23. Bxc6 bxc6 24. Nxd4 Qxa2 25. Rf2 Bf5 26. Rd2 Qa5 27. Rxc6 Rab8 28. Kh2 Bg4 29. Qc1 Qh5+ 30. Kg1 Qe8 31. Kf2 Qe4 32. Qc3 Re8 33. Nc2 Rbd8 34. Rxd8 Rxd8 35. Ne3 Rd3 36. Qc4+ Qxc4 37. Rxc4 Rd2+ 38. Kg1 Be2 39. Rb4 a6 40. Nf5 Bb5 41. Nd4 Rd1+ 42. Kh2 a5 43. Rxb5 Rxd4 44. Rxa5 Rb4 45. Ra2 g5 46. Kh3 gxf4 47. gxf4 Rxf4 48. Ra8+ Kg7 49. Rb8 Rd4 50. Rb3 Rd2 51. Rb6 Rc2 52. Kg3 Rd2 53. Kf3 Rc2 54. g3 Rc4 55. b3 Rd4 56. Re6 Rb4 57. Re3 Kf6 58. Ke2 Kf5 59. Kd2 Kg4 60. Kc3 Rb7 61. b4 Rb8 62. Kc4 Rc8+ 63. Kd5 Rb8 64. Rb3 h5 65. b5 Rxb5+ 66. Rxb5 Kxg3 67. Ke4 h4 68. Kf5 h3 69. Rb3+ Kh4 70. Kf4 h2 71. Rb1 1-0

[Event "Montpellier op 7th"]
[Site "Montpellier"]
[Date "2000.07.??"]
[Round "6"]
[White "Hamdouchi, Hichem"]
[Black "Drasko, Milan"]
[Result "1/2-1/2"]
[WhiteElo "2541"]
[BlackElo "2485"]
[PlyCount "48"]
[EventDate "2000.07.05"]
[Source "www.chesslib.no"]
[SourceDate "2004.05.04"]

1. e4 e6 2. d4 d5 3. Nd2 Nc6 4. Ngf3 Nf6 5. e5 Nd7 6. Bb5 a6 7. Bxc6 bxc6 8. Nb3 a5 9. Bg5 Be7 10. Bd2 a4 11. Na5 Nb8 12. b4 axb3 13. axb3 c5 14. dxc5 Bxc5 15. O-O Bb6 16. Ra4 Ra7 17. Qe2 Ba6 18. c4 O-O 19. Rfa1 Qd7 20. Qd3 h6 21. Qc2 dxc4 22. bxc4 Bc8 23. R1a3 Bxa5 24. Bxa5 Nc6 1/2-1/2

[Event "EU-ch 3rd"]
[Site "Batumi"]
[Date "2002.06.23"]
[Round "11"]
[White "Popov, Valerij"]
[Black "Velicka, Petr"]
[Result "1-0"]
[WhiteElo "2575"]
[BlackElo "2437"]
[PlyCount "133"]
[EventDate "2002.06.12"]
[Source "ChessBase"]
[SourceDate "2002.09.20"]

1. d4 Nc6 2. Nf3 e6 3. e4 d5 4. Nbd2 Nf6 5. e5 Ne4 6. c3 f5 7. exf6 Nxf6 8. Bb5 Bd6 9. O-O O-O 10. Re1 Bd7 11. Nf1 Qe7 12. Ng3 Rae8 13. a4 a6 14. Nf5 Qd8 15. Nxd6 cxd6 16. Be2 Qc7 17. Be3 Na5 18. Qc2 b5 19. axb5 Bxb5 20. Nd2 Bxe2 21. Rxe2 Nc4 22. Rxa6 Qb7 23. Ra4 Nxb2 24. Ra2 Qb5 25. Re1 Nc4 26. Nxc4 Qxc4 27. f3 Ra8 28. Rb2 Rac8 29. Rb3 e5 30. dxe5 dxe5 31. Qd1 Rfe8 32. Bg5 Rc6 33. h3 h6 34. Bc1 e4 35. f4 Rec8 36. Be3 Qd3 37. Bd4 Qxd1 38. Rxd1 Kf7 39. Kf2 Ke6 40. g4 g6 41. Ra1 Ne8 42. Rb7 R8c7 43. Rb8 Rc8 44. Rxc8 Rxc8 45. Ra6+ Kf7 46. Be5 Rc5 47. Ra7+ Ke6 48. Rh7 h5 49. gxh5 gxh5 50. Rxh5 Ra5 51. Rh8 Kf7 52. Rh7+ Ke6 53. Rh6+ Kf7 54. f5 Ra1 55. Rh7+ Kf8 56. h4 Rd1 57. h5 Rd3 58. h6 Rf3+ 59. Kg2 Rxf5 60. Rh8+ Kf7 61. Rxe8 Rh5 62. Ra8 Rxh6 63. Ra7+ Ke8 64. Ra5 Rh5 65. Rxd5 Ke7 66. Rc5 Ke6 67. Bd4 1-0